ბათუმის შოთა რუსთაველის სახელმწიფო უნივერსიტეტის ბიბლიოთეკა

მონაცემთა და ცოდნის ბაზების აგების საფუძვლები : (ბიბ.ჩანაწერი № 40359)

000 -ლიდერი
ფიქსირებული სიგრძის საკონტროლო ველი 01183nam a2200241Ia 4500
001 - საკონტროლო ნომერი
საკონტროლო ველი 6967
003 - საკონტროლო ნომრის იდენტიფიკატორი
საკონტროლო ველი GE_BSU
005 - ბოლო ოპერაციის თარიღი და დრო
საკონტროლო ველი 20190510144315.0
008 - ფიქსირებული სიგრძის მონაცემთა ელემენტები - ზოგადი ინფორმაცია
ფიქსირებული სიგრძის საკონტროლო ველი 181216s1996||||ge |||||||||||||| ||geo||
040 ## - კატალოგიზაციის წყარო
Transcribing agency GE_BSU
041 ## - ენის კოდი
Language code of text/sound track or separate title geo
080 ## - უნივერსალური ათობითი კლასიფიკაციის ინდექსი
Universal Decimal Classification number 004.65(075.8) ჩ-76
100 ## - მთავარი ჩანაწერი - პიროვნების სახელი
Personal name ჩოგოვაძე, გ.
9 (RLIN) 947
245 ## - ცნობა სათაურის შესახებ
Title მონაცემთა და ცოდნის ბაზების აგების საფუძვლები :
Remainder of title სახელმძღვ. /
Statement of responsibility, etc გ. ჩოგოვაძე, გ. სურგულაძე, ო. შონია ; რედ. დ. დავითური.
264 ## - წარმოების, გამოცემის, დისტრიბუციის და სხვა ცნობები
გამოცემის, წარმოების, დისტრიბუციის... ადგილი თბილისი :
გამოცემის, წარმოების, დისტრიბუციის... სახელწოდება განათლება,
გამოცემის, წარმოების, დისტრიბუციის... თარიღი 1996.
300 ## - ფიზიკური აღწერა
Extent 375 გვ. ;
Dimensions 22 სმ.
504 ## - BIBLIOGRAPHY, ETC. NOTE
Bibliography, etc ბიბლიოგრ. : გვ. 350-354.
653 ## - INDEX TERM--UNCONTROLLED
Uncontrolled term მონაცემთა და ცოდნის ბაზების აგების საფუძვლები
700 ## - ADDED ENTRY--PERSONAL NAME
Personal name სურგულაძე, გ.
Relator term ავტორი
9 (RLIN) 948
700 ## - ADDED ENTRY--PERSONAL NAME
Personal name შონია, ო.
Relator term ავტორი
9 (RLIN) 949
700 ## - ADDED ENTRY--PERSONAL NAME
Personal name დავითური, დ.
Relator term რედაქტორი
9 (RLIN) 950
942 ## - ADDED ENTRY ELEMENTS (KOHA)
Koha item type წიგნი
Source of classification or shelving scheme
ეგზემპლარები
ჩამოწერის სტატუსი დაკარგული ეგზემპლარის სტატუსი კლასიფიკაციის წყარო ან თაროზე გაწყობის სქემა დაზიანების სტატუსი არ გაიცემა მუდმივი მდებარეობა (დაცვის ადგილი) ამჟამინდელი ადგილსამყოფელი თაროზე განთავსების ადგილი შეძენის თარიღი სრული შენახვის შიფრი შტრიხკოდი ბოლო ოპერაციის თარიღი ეგზემპლარის მიმდევრობითი ნომერი (კეტერი?) ფასის ძალაში შესვლის თარიღი ეგზემპლარის სახეობა
          ტექნოლოგიური ფაკულტეტის ბიბლიოთეკა ტექნოლოგიური ფაკულტეტის ბიბლიოთეკა წიგნსაცავი 2018-12-17 004.65(075.8) ჩ-76 11797 2018-12-17 11797 2018-12-17 წიგნი
          ტექნოლოგიური ფაკულტეტის ბიბლიოთეკა ტექნოლოგიური ფაკულტეტის ბიბლიოთეკა წიგნსაცავი 2018-12-17 004.65(075.8) ჩ-76 11798 2018-12-17 11798 2018-12-17 წიგნი
          ტექნოლოგიური ფაკულტეტის ბიბლიოთეკა ტექნოლოგიური ფაკულტეტის ბიბლიოთეკა წიგნსაცავი 2018-12-17 004.65(075.8) ჩ-76 11799 2018-12-17 11799 2018-12-17 წიგნი